Magic school bus gets baked in a cake : (Record no. 111707)
[ view plain ]
| 000 -LEADER | |
|---|---|
| fixed length control field | 00717nam a2200217 a 4500 |
| 001 - CONTROL NUMBER | |
| control field | 2972 |
| 005 - DATE AND TIME OF LATEST TRANSACTION | |
| control field | 20140414131920.0 |
| 008 - FIXED-LENGTH DATA ELEMENTS--GENERAL INFORMATION | |
| fixed length control field | 051130s19uu xx 00 eng d |
| 020 ## - INTERNATIONAL STANDARD BOOK NUMBER | |
| International Standard Book Number | 0-590-22295-3 |
| 050 ## - LIBRARY OF CONGRESS CALL NUMBER | |
| Classification number | M 540 |
| Item number | M27 1995 |
| 245 ## - TITLE STATEMENT | |
| Title | Magic school bus gets baked in a cake : |
| Remainder of title | a book about kitchen Chemistry. |
| 260 ## - PUBLICATION, DISTRIBUTION, ETC. (IMPRINT) | |
| Place of publication, distribution, etc | New York : |
| Name of publisher, distributor, etc | Scholastic, |
| Date of publication, distribution, etc | 1995. |
| 300 ## - PHYSICAL DESCRIPTION | |
| Extent | 1 v. p. ; cm. |
| 440 ## - SERIES STATEMENT/ADDED ENTRY--TITLE | |
| Title | The magic school bus |
| 500 ## - GENERAL NOTE | |
| General note | From the episode of the animated TV series produced by Scholastic Entertainment Inc. |
| 520 ## - SUMMARY, ETC. | |
| Summary, etc | Learn some kitchen chemistry, when you read this book. |
| 650 ## - SUBJECT ADDED ENTRY--TOPICAL TERM | |
| Topical term or geographic name as entry element | Kitchen |
| General subdivision | Juvenile literature. |
| 650 ## - SUBJECT ADDED ENTRY--TOPICAL TERM | |
| Topical term or geographic name as entry element | Children stories. |
| Withdrawn status | Lost status | Damaged status | Use restrictions | Home library | Current library | Shelving location | Date acquired | Source of acquisition | Cost, normal purchase price | Total Checkouts | Full call number | Barcode | Date last seen | Price effective from | Koha item type |
|---|---|---|---|---|---|---|---|---|---|---|---|---|---|---|---|
| Munich Library | Munich Library | Main Section | 11/30/2005 | 120.00 | M 540 M27 1995 | M2575 | 04/14/2014 | 04/14/2014 | Books | ||||||
| Munich Library | Munich Library | Main Section | 01/15/2011 | 120.00 | M 540 M27 1995 | M6549 | 04/14/2014 | 04/14/2014 | Books |